| 000 | 00773nas a2200253 4500 | ||
|---|---|---|---|
| 001 | BR8803673 | ||
| 003 | BR-BrBNA | ||
| 005 | 20231205091201.0 | ||
| 007 | ta | ||
| 008 | 230509b bl.|||p| |||| 00| 00por d | ||
| 040 |
_aBR-BrBNA _bpor _cBiblioteca Nacional de Agricultura |
||
| 041 | _a(Pt) | ||
| 072 | _aF03 | ||
| 100 | 1 | _aMaeda, J.A. | |
| 100 | 1 | _aLago, A.A. do | |
| 245 | 1 | _aGerminacao de sementes de mucuna-preta apos tratamento para superacao da impermeabilidade do tegumento | |
| 650 | _aMUCUNA PRETA | ||
| 650 | _aSEMENTE | ||
| 650 | _aGERMINACAO | ||
| 650 | _aESCARIFICACAO | ||
| 773 | 0 |
_tRevista Brasileira de Sementes (Brazil) _xISSN 0101-3122 _g(1986), v. 8(1) p. 79-84 _wBR8803673 |
|
| 909 |
_a202311 _bLúcia _c55 _dLúcia Elande |
||
| 942 |
_2AGRIS _n0 _cANA |
||
| 999 |
_c123394 _d123394 |
||